Central Library OPAC University of Rajshahi

Soft furnishings made easy: (Record no. 14293)

MARC details
000 -LEADER
fixed length control field 00721cam a2200253u 4500
001 - CONTROL NUMBER
control field 14293
003 - CONTROL NUMBER IDENTIFIER
rucl marc code BD-RjUL
005 - DATE AND TIME OF LATEST TRANSACTION
control field 20211208235613.0
008 - FIXED-LENGTH DATA ELEMENTS--GENERAL INFORMATION
fixed length control field 140205s1966 enka 000 0 eng
035 ## - SYSTEM CONTROL NUMBER
System control number (BD-RjUL)14345
040 ## - CATALOGING SOURCE
Original cataloging agency DLC
Transcribing agency BD-RjUL
Modifying agency BD-RjUL
Language of cataloging eng
041 ## - LANGUAGE CODE
Language code of text/sound track or separate title eng
082 ## - DEWEY DECIMAL CLASSIFICATION NUMBER
Edition number 21
Classification number 645
Author mark and year MUS 1966
100 1# - MAIN ENTRY--PERSONAL NAME
Personal name Munro, Anne Blythe. [from old catalog]
9 (RLIN) 44632
245 10 - TITLE STATEMENT
Title Soft furnishings made easy:
Remainder of title a guide and pattern book.
260 ## - PUBLICATION, DISTRIBUTION, ETC. (IMPRINT)
Place of publication, distribution, etc. London,
Name of publisher, distributor, etc. Methuen,
Date of publication, distribution, etc. 1966.
300 ## - PHYSICAL DESCRIPTION
Pagination 116 p.
Illustrations illus., tables, diagrs.
Size 23 cm.
650 #0 - SUBJECT ADDED ENTRY--TOPICAL TERM
Topical term or geographic name as entry element Draperies.
9 (RLIN) 44633
Topical term or geographic name as entry element Slip covers.
9 (RLIN) 44634
Topical term or geographic name as entry element Bedding.
9 (RLIN) 44635
Topical term or geographic name as entry element Upholstery.
9 (RLIN) 44636
942 ## - ADDED ENTRY ELEMENTS (KOHA)
Source of classification or shelving scheme Dewey Decimal Classification
Koha item type Books
Holdings
Lost status Source of classification or shelving scheme Damaged status Not for loan Collection code Permanent Location Current Location Shelving location Date acquired Source of acquisition Total Checkouts Full call number Date last seen Copy number Koha item type
  Dewey Decimal Classification   Not For Loan Non-fiction Central Library, University of Rajshahi Central Library, University of Rajshahi Reading Room 19/01/1967 Euro park   645 MUS 1966 05/02/2014 C-1 Books